Phòng chống bệnh ký sinh trùng từ động vật lây sang người
Trình bày khái niệm chung về các bệnh lý sinh trùng từ động vật lây sang người ; các bệnh lý sinh trùng từ động vật lây sang người
Đã lưu trong:
| Tác giả chính: | |
|---|---|
| Định dạng: | Sách |
| Năm xuất bản: |
H.
Nông nghiệp
2006
|
| Chủ đề: | |
| Tags: |
Thêm thẻ
Không có thẻ, Hãy là người đầu tiên gắn thẻ bản ghi này!
|
| LEADER | 02496nam a2200289 4500 | ||
|---|---|---|---|
| 082 | |a 616.34 |b B510Q | ||
| 100 | |a Bùi Quý Huy | ||
| 245 | |a Phòng chống bệnh ký sinh trùng từ động vật lây sang người |c Bùi Quý Huy | ||
| 260 | |a H. |b Nông nghiệp |c 2006 | ||
| 300 | |a 243 tr. |c 21 cm | ||
| 520 | |a Trình bày khái niệm chung về các bệnh lý sinh trùng từ động vật lây sang người ; các bệnh lý sinh trùng từ động vật lây sang người | ||
| 653 | |a Y học | ||
| 653 | |a Bệnh lý sinh trùng | ||
| 653 | |a Người | ||
| 653 | |a Phòng chống | ||
| 942 | |2 ddc |c STK0 | ||
| 999 | |c 6726 |d 6726 | ||
| 952 | |0 0 |1 0 |2 ddc |4 0 |6 616_340000000000000_B510Q |7 0 |8 600 |9 63347 |a qbu |b qbu |c D3 |d 2015-01-22 |g 29500 |o 616.34 B510Q |p 2223.c1 |r 0000-00-00 |w 2015-01-22 |y STK0 |0 0 |6 616_340000000000000_B510Q | ||
| 952 | |0 0 |1 0 |2 ddc |4 0 |6 616_340000000000000_B510Q |7 0 |8 600 |9 63348 |a qbu |b qbu |c D3 |d 2015-01-22 |g 29500 |o 616.34 B510Q |p 2223.c2 |r 0000-00-00 |w 2015-01-22 |y STK0 |0 0 |6 616_340000000000000_B510Q | ||
| 952 | |0 0 |1 0 |2 ddc |4 0 |6 616_340000000000000_B510Q |7 0 |8 600 |9 63349 |a qbu |b qbu |c D3 |d 2015-01-22 |g 29500 |o 616.34 B510Q |p 2223.c3 |r 0000-00-00 |w 2015-01-22 |y STK0 |0 0 |6 616_340000000000000_B510Q | ||
| 952 | |0 0 |1 0 |2 ddc |4 0 |6 616_340000000000000_B510Q |7 0 |8 600 |9 63350 |a qbu |b qbu |c D3 |d 2015-01-22 |g 29500 |o 616.34 B510Q |p 2223.c4 |r 0000-00-00 |w 2015-01-22 |y STK0 |0 0 |6 616_340000000000000_B510Q | ||
| 952 | |0 0 |1 0 |2 ddc |4 0 |6 616_340000000000000_B510Q |7 0 |8 600 |9 63351 |a qbu |b qbu |c D3 |d 2015-01-22 |g 29500 |o 616.34 B510Q |p 2223.c5 |r 0000-00-00 |w 2015-01-22 |y STK0 |0 0 |6 616_340000000000000_B510Q | ||
| 952 | |0 0 |1 0 |2 ddc |4 0 |6 616_340000000000000_B510Q |7 0 |8 600 |9 63352 |a qbu |b qbu |c D3 |d 2015-01-22 |g 29500 |o 616.34 B510Q |p 2223.c6 |r 0000-00-00 |w 2015-01-22 |y STK0 |0 0 |6 616_340000000000000_B510Q | ||
| 952 | |0 0 |1 0 |2 ddc |4 0 |6 616_340000000000000_B510Q |7 0 |8 600 |9 63353 |a qbu |b qbu |c D3 |d 2015-01-22 |g 29500 |o 616.34 B510Q |p 2223.c7 |r 0000-00-00 |w 2015-01-22 |y STK0 |0 0 |6 616_340000000000000_B510Q | ||
| 952 | |0 0 |1 0 |2 ddc |4 0 |6 616_340000000000000_B510Q |7 0 |8 600 |9 63354 |a qbu |b qbu |c D3 |d 2015-01-22 |g 29500 |o 616.34 B510Q |p 2223.c8 |r 0000-00-00 |w 2015-01-22 |y STK0 |0 0 |6 616_340000000000000_B510Q | ||
| 952 | |0 0 |1 0 |2 ddc |4 0 |6 616_340000000000000_B510Q |7 0 |8 600 |9 68293 |a qbu |b qbu |c D3 |d 2015-03-12 |g 29500 |o 616.34 B510Q |p 2223.c9 |r 0000-00-00 |w 2015-03-12 |y STK0 |0 0 |6 616_340000000000000_B510Q | ||
| 952 | |0 0 |1 0 |2 ddc |4 0 |6 616_340000000000000_B510Q |7 0 |8 600 |9 68294 |a qbu |b qbu |c D3 |d 2015-03-12 |g 29500 |o 616.34 B510Q |p 2223.c10 |r 0000-00-00 |w 2015-03-12 |y STK0 |0 0 |6 616_340000000000000_B510Q | ||